Mluv se mnou /

Jak to dopadne, když si pan Pravý vybere nesprávnou holku? ... Knižní debut populární anglické bestsellerové spisovatelky.

Uloženo v:
Hlavní autor: Caplin, Julie (Autor)
Další autoři: Královcová, Petra (Autor)
Médium: Kniha
Jazyk:Czech
Vydáno: Praha : Cosmopolis, 2026
Vydání:První vydání
Témata:
Celkem bylo vypůjčeno:0x
Tagy:
Žádné tagy
LEADER 02277nam a2200421 i 4500
001 106317
003 CZ PrNK
005 20260512145054.0
007 ta
008 260310s2026 xr g 000 f cze
015 |a cnb003744944 
020 |a 9788027155873  |q (brožováno) :  |c Kč 449,00 
040 |a ABG001  |b cze  |e rda 
041 1 |a cze  |h eng 
072 7 |a 821.111-3  |x Anglická próza, anglicky psaná  |2 Konspekt  |9 25 
080 |a 821.111-31  |2 MRF 
080 |a (0:82-31)-055.2  |2 MRF 
100 1 |a Caplin, Julie  |7 ola20181015935  |4 aut  |9 109215 
240 1 0 |a Talk to me.  |l Česky 
245 1 0 |a Mluv se mnou /  |c Julie Caplinová ; přeložila Petra Královcová 
250 |a První vydání 
264 1 |a Praha :  |b Cosmopolis,  |c 2026 
300 |a 347 stran ;  |c 21 cm 
336 |a text  |b txt  |2 rdacontent 
337 |a bez média  |b n  |2 rdamedia 
338 |a svazek  |b nc  |2 rdacarrier 
500 |a Přeloženo z angličtiny 
520 2 |a Jak to dopadne, když si pan Pravý vybere nesprávnou holku? ... Knižní debut populární anglické bestsellerové spisovatelky.  |b Olivia je do svého nejlepšího kamaráda Daniela zamilovaná snad odjakživa a v hloubi duše ví, že jsou pro sebe jako stvoření. Ale prostě se pořád míjejí - od studií nikdy nebyli zároveň single. Pak Daniel začne chodit s její oslnivě krásnou spolubydlící a Olivia se bojí, že svou šanci propásla definitivně. Proto kývne na naléhání příbuzných a vyrazí na speed dating. Proč ne? Třeba jí to pomůže odpoutat se od Daniela. Jenže situace se zvrtne, když o ni jeden z mužů projeví příliš velký zájem. Zachrání ji Daniel a konečně mu všechno dojde? Nebo je Olivia odsouzená milovat ho navždy jen platonicky? Nakladatelská anotace. 
655 7 |a anglické romány  |7 fd131814  |2 czenas  |9 53421 
655 7 |a romány pro ženy  |7 fd187897  |2 czenas  |9 115 
655 9 |a English fiction  |2 eczenas 
655 9 |a women's novels  |2 eczenas 
700 1 |a Královcová, Petra  |7 xx0072027  |4 trl  |9 107683 
710 2 |a Cosmopolis (nakladatelství)  |7 ko20251277653  |4 pbl  |9 117136 
910 |a UOG502 
942 |2 ddc  |c KN 
999 |d 106317 
993 |0 0  |1 421180107038  |2 ddc  |4 0  |7 0  |9 99690  |b 0  |c 107038  |d 2026-05-12  |e 0  |f DOSP  |h 449.00  |i Koupě  |l DOSP  |r 2026-05-12  |t 6  |w 2026-05-12  |y KN  |z BELET  |n